000 00192nam a2200085Ia 4500
008 250605s9999 xx 000 0 und d
041 _aeng
100 _aRaveena Sharma
245 _aRR Kabel Limited
999 _c45469
_d45469